[Event "May Lviv Tradition (IM-group)"]
[Site "Lviv"]
[Date "2015.05.28"]
[Round "5.2"]
[White "Grekh, Andrey"]
[Black "Koziol, Kamil"]
[Result "1-0"]
[WhiteElo "2341"]
[BlackElo "2207"]
[PlyCount "95"]
[EventDate "2015.05.26"]

1. e4 c6 2. d4 d5 3. e5 c5 4. dxc5 Nc6 5. Nf3 Bg4 6. Bb5 Qa5+ 7. Nc3 e6 8. Be3
Nge7 9. a3 O-O-O 10. b4 Qc7 11. Bxc6 Nxc6 12. Nb5 Bxf3 13. Qxf3 Qxe5 14. O-O a6
15. Nd6+ Bxd6 16. cxd6 Qxd6 17. Qxf7 Ne5 18. Qh5 Nc4 19. Rfe1 Rd7 20. Bc5 Qc6
21. Bd4 g6 22. Qh3 Re8 23. a4 e5 24. b5 Qe6 25. Qg3 a5 26. Bxe5 Nxe5 27. f4
Qb6+ 28. Kh1 Rde7 29. fxe5 Qc7 30. Re3 d4 31. Re4 Rxe5 32. Rxd4 Qxc2 $11 33. h3
Re3 34. Qf4 R8e4 35. Rxe4 Rxe4 36. Qf8+ Kd7 37. Rf1 Ke6 38. Qg8+ Ke5 39. Qg7+
Kd5 40. Qxb7+ Kc4 41. Qc7+ Kb3 42. Qxa5 Rxa4 43. Qd8 Qe2 44. Qd5+ Qc4 45. Rb1+
Ka2 46. Qd1 Ra3 47. Ra1+ Kb2 48. Qb1+ 1-0

[Event "May Lviv Tradition (IM-group)"]
[Site "Lviv"]
[Date "2015.05.28"]
[Round "5.3"]
[White "Kryvoruchko, Vita"]
[Black "Punin, Andrii"]
[Result "1/2-1/2"]
[WhiteElo "2213"]
[BlackElo "2246"]
[PlyCount "92"]
[EventDate "2015.05.26"]

1. e4 c6 2. d4 d5 3. e5 Bf5 4. Nf3 e6 5. Be2 c5 6. Be3 Qb6 7. c4 Qxb2 8. Nbd2
Ne7 9. O-O Nbc6 10. Nb3 dxc4 11. Bxc4 Rd8 12. Nxc5 Nd5 13. Bg5 Bxc5 14. Bxd8
Nc3 15. Qc1 Qb4 16. dxc5 Qxc4 17. Qg5 Nxd8 18. Qxg7 Rf8 19. Kh1 Qg4 20. Ng5 Ne4
21. f4 Nxg5 22. fxg5 Nc6 23. Rae1 Ne7 24. Rf2 Rg8 25. Qh6 Rg6 26. Qxh7 Rxg5 27.
Qh8+ Ng8 28. c6 Be4 29. Rg1 Rh5 30. c7 Kd7 31. Rxf7+ Kc8 32. Rf8+ Kxc7 33. Rxg8
Bxg2+ 34. Rxg2 Qd1+ 35. Rg1 Qd5+ 36. R1g2 Rxh8 37. Rxh8 Qxe5 38. Rh7+ Kc6 39.
h4 Qe4 40. Rh6 Kd5 41. h5 Qh4+ 42. Kg1 e5 43. Rh7 Qb4 44. Rd7+ Ke6 45. Rd1 Qh4
46. Rg6+ Kf5 $11 1/2-1/2

[Event "May Lviv Tradition (IM-group)"]
[Site "Lviv"]
[Date "2015.05.28"]
[Round "5.4"]
[White "Osmak, Iulija"]
[Black "Bunyatov, Rustam"]
[Result "1/2-1/2"]
[WhiteElo "2368"]
[BlackElo "2104"]
[PlyCount "60"]
[EventDate "2015.05.26"]

1. e4 Nf6 2. e5 Nd5 3. d4 d6 4. Nf3 dxe5 5. Nxe5 c6 6. c4 Nb4 7. a3 Qxd4 8.
axb4 Qxe5+ 9. Be2 Qc7 10. O-O e5 11. c5 Be7 12. f4 O-O 13. Na3 Be6 14. Bc4 Bxc4
15. Nxc4 Na6 16. Qe1 Qd7 17. Nxe5 Qd4+ 18. Be3 Qxb4 19. Nxc6 bxc6 20. Rxa6 Bxc5
21. Qxb4 Bxb4 22. Rxc6 Rfe8 23. Kf2 a5 24. Rfc1 a4 25. R6c4 Bf8 26. Bd4 a3 27.
bxa3 Bxa3 28. R1c2 h6 29. f5 Bd6 30. h4 Be5 $11 1/2-1/2

[Event "May Lviv Tradition (IM-group)"]
[Site "Lviv"]
[Date "2015.05.28"]
[Round "5.5"]
[White "Ivanenko, Olga I"]
[Black "Nayhebaver, Martin"]
[Result "0-1"]
[WhiteElo "2182"]
[BlackElo "2317"]
[PlyCount "96"]
[EventDate "2015.05.26"]

1. e4 c5 2. Nf3 Nc6 3. d4 cxd4 4. Nxd4 Nf6 5. Nc3 e5 6. Ndb5 d6 7. Nd5 Nxd5 8.
exd5 Nb8 9. Qf3 a6 10. Qa3 Be7 11. Bg5 f6 12. Bd2 Kf7 13. c4 a5 14. Be2 Ra6 15.
O-O Nd7 16. f4 Nc5 17. Qe3 exf4 18. Qxf4 Rf8 19. Be3 Kg8 20. Rad1 b6 21. Qg3
Ne4 22. Qf3 f5 23. Bd3 Nc5 24. Bc2 Ra8 25. Qg3 Rf6 26. Bd4 Rg6 27. Qf3 Ne4 28.
Bxe4 fxe4 29. Qf7+ Kh8 30. Nc7 Bh3 31. Nxa8 Bxg2 32. Qxg6 hxg6 33. Kxg2 Qxa8
34. Rde1 b5 35. b3 bxc4 36. bxc4 Bg5 37. Rxe4 Qc8 38. Rf7 Bh6 39. Bb6 a4 40. c5
dxc5 41. d6 Qc6 42. Rfe7 $11 Qxd6 43. R7e6 Qd5 44. a3 Qa2+ 45. Re2 Qxa3 46.
Rxg6 Qd3 47. Rge6 c4 48. Ra2 Qd5+ 0-1

[Event "May Lviv Tradition (IM-group)"]
[Site "Lviv"]
[Date "2015.05.28"]
[Round "5.6"]
[White "Shkuran, Daniil"]
[Black "Sevostianov, Pavel"]
[Result "1/2-1/2"]
[WhiteElo "2386"]
[BlackElo "2263"]
[PlyCount "62"]
[EventDate "2015.05.26"]

1. e4 e5 2. Nf3 d6 3. d4 exd4 4. Nxd4 Nf6 5. Nc3 Be7 6. Be2 O-O 7. O-O Re8 8.
f4 Bf8 9. Bf3 c6 10. Re1 Nbd7 11. Be3 Qc7 12. Bf2 a5 13. Qd2 Nc5 14. h3 a4 15.
Bh4 Nfd7 16. b4 axb3 17. axb3 Rxa1 18. Rxa1 g6 19. Bf2 Bh6 20. b4 Ne6 21. g3
Nb6 22. Nb3 Bg7 23. Qd3 Nf8 24. Kh2 d5 25. Bd4 dxe4 26. Nxe4 Rd8 27. Qe3 Nd5
28. Qd2 Nf6 29. Qe3 Nd5 30. Qd2 Nf6 31. Qe3 Nd5 $11 1/2-1/2

[Event "May Lviv Tradition (IM-group)"]
[Site "Lviv"]
[Date "2015.05.29"]
[Round "6.1"]
[White "Anwesh, Upadhyaya"]
[Black "Sevostianov, Pavel"]
[Result "1-0"]
[WhiteElo "2373"]
[BlackElo "2263"]
[PlyCount "75"]
[EventDate "2015.05.26"]

1. d4 Nf6 2. c4 d6 3. Nf3 Bg4 4. Qb3 Bxf3 5. Qxf3 Nc6 6. d5 Ne5 7. Qb3 Qc8 8.
Nc3 g6 9. g3 h5 10. h3 c5 11. Bg2 a6 12. a4 Rb8 13. f4 Ned7 14. O-O Bg7 15. e4
Nh7 16. Qc2 Bf6 17. Bd2 h4 18. g4 g5 19. e5 dxe5 20. fxg5 Bxg5 21. Rf5 Rg8 22.
Raf1 f6 23. Ne4 b5 24. axb5 axb5 25. d6 Bf4 26. Bxf4 exf4 27. dxe7 Kxe7 28. Nc3
Ng5 29. Nd5+ Kf7 30. R5xf4 Rg6 31. Qxg6+ Kxg6 32. Ne7+ Kf7 33. Nxc8 Rxc8 34.
cxb5 Rb8 35. b4 Rxb5 36. Bc6 Nxh3+ 37. Kh2 Rb6 38. Bd5+ 1-0

[Event "May Lviv Tradition (IM-group)"]
[Site "Lviv"]
[Date "2015.05.29"]
[Round "6.2"]
[White "Nayhebaver, Martin"]
[Black "Shkuran, Daniil"]
[Result "1/2-1/2"]
[WhiteElo "2317"]
[BlackElo "2386"]
[PlyCount "60"]
[EventDate "2015.05.26"]

1. e4 c5 2. Nf3 e6 3. d4 cxd4 4. Nxd4 Nf6 5. Nc3 d6 6. Be3 a6 7. Qd2 Be7 8. f3
h5 9. O-O-O Qc7 10. Kb1 Nc6 11. h3 h4 12. f4 Nh5 13. Bd3 Bd7 14. Qf2 Bf6 15.
Nxc6 Qxc6 16. e5 dxe5 17. Be4 Qc8 18. Qf3 Bc6 19. Rd6 Bxe4 20. Nxe4 Be7 21. Rd3
Nxf4 22. Bxf4 exf4 23. Rhd1 O-O 24. Rd7 Re8 25. Qxf4 Qc6 26. Nd6 Qxd7 27. Qxf7+
Kh7 28. Qh5+ Kg8 29. Qf7+ Kh7 30. Qh5+ Kg8 $11 1/2-1/2

[Event "May Lviv Tradition (IM-group)"]
[Site "Lviv"]
[Date "2015.05.29"]
[Round "6.3"]
[White "Bunyatov, Rustam"]
[Black "Ivanenko, Olga I"]
[Result "1/2-1/2"]
[WhiteElo "2104"]
[BlackElo "2182"]
[PlyCount "191"]
[EventDate "2015.05.26"]

1. c4 Nf6 2. Nc3 d5 3. cxd5 Nxd5 4. g3 g6 5. Bg2 Nb6 6. Nf3 Bg7 7. O-O Nc6 8.
d3 O-O 9. Be3 e5 10. a4 a5 11. Ng5 Nd4 12. Nge4 c6 13. f4 Be6 14. fxe5 Bxe5 15.
Bh6 Bg7 16. Bg5 f6 17. Bf4 Nd5 18. Nxd5 Bxd5 19. Nc3 Bb3 20. Qd2 g5 21. Be3 Nc2
22. Bc5 Nxa1 23. Bxf8 Qxf8 24. Rxa1 Qb4 25. Kh1 Re8 26. Qc1 h6 27. Qf1 Be6 28.
Rb1 f5 29. e4 Rf8 30. exf5 Bxf5 31. Qd1 Re8 32. Ne4 Re7 33. Qc2 Qd4 34. Rf1 Bg6
35. b3 Rd7 36. Qc4+ Bf7 37. Qc2 Qxd3 38. Qxd3 Rxd3 39. Nc5 Rc3 40. Nxb7 Bxb3
41. Nxa5 Bxa4 42. Be4 Bb5 43. Rf2 Rc1+ 44. Kg2 Bd4 45. Rd2 c5 46. Nc6 Rg1+ 47.
Kf3 Bf6 48. Bd5+ Kg7 49. Rc2 Rd1 50. Be4 c4 51. Nb4 c3 52. Nd5 Bd3 53. Bxd3
Rxd3+ 54. Ne3 Kg6 55. Ke4 Rd4+ 56. Kf3 Rd7 57. Ke4 Rd4+ 58. Kf3 Rb4 59. Ng4 Rb2
60. Rc1 Bd4 61. Ke4 Rd2 62. Ne3 Bg7 63. h4 h5 64. hxg5 Kxg5 65. Ra1 Rd4+ 66.
Kf3 Be5 67. Ra5 Kf6 68. Rc5 Ra4 69. Rc6+ Kg7 70. Rc5 Kf6 71. Rc6+ Kf7 72. Rc5
Ke6 73. Rc6+ Kd7 74. Rh6 Ra3 75. Ke4 Bxg3 76. Rxh5 Be1 77. Nc2 Ra4+ 78. Kd3 Bd2
79. Rf5 Ke6 80. Rb5 Rh4 81. Nd4+ Kd7 82. Nc2 Kc6 83. Rf5 Rh3+ 84. Kc4 Rg3 85.
Rf6+ Kd7 86. Ra6 Rg4+ 87. Kb3 Rg1 88. Kc4 Rg3 89. Kb3 Bf4 90. Kc4 Be5 91. Kd5
Bg7 92. Ra7+ Kd8 93. Kc4 Rg2 94. Kb3 Rg3 95. Rf7 Be5 96. Rf5 1/2-1/2

[Event "May Lviv Tradition (IM-group)"]
[Site "Lviv"]
[Date "2015.05.29"]
[Round "6.4"]
[White "Punin, Andrii"]
[Black "Osmak, Iulija"]
[Result "1-0"]
[WhiteElo "2246"]
[BlackElo "2368"]
[PlyCount "125"]
[EventDate "2015.05.26"]

1. e4 c5 2. Nf3 e6 3. d4 cxd4 4. Nxd4 a6 5. Bd3 Bc5 6. Nb3 Bb6 7. Qe2 Nc6 8.
Be3 d6 9. O-O Nf6 10. c4 O-O 11. Nc3 Ne5 12. Rfd1 Bxe3 13. Qxe3 Qc7 14. Na4 Bd7
15. Nb6 Rad8 16. Nxd7 Nfxd7 17. Rac1 Nc5 18. Bf1 Qc6 19. f3 Nxb3 20. Qxb3 a5
21. Rc2 b6 22. Rcd2 Qc5+ 23. Kh1 Rd7 24. Qa4 Rfd8 25. a3 Qc7 26. Qb5 Nc6 27. b4
axb4 28. axb4 e5 29. Ra2 Nd4 30. Qd5 Qb7 31. Qxb7 Rxb7 32. Kg1 Kf8 33. Rda1 Nc6
34. Ra4 $11 Ke7 35. Kf2 Rdd7 36. Ke3 Ra7 37. g3 Rxa4 38. Rxa4 Rc7 39. f4 Kf6
40. Ra6 Rb7 41. c5 Nxb4 42. Rxb6 Rxb6 43. cxb6 Nc6 44. Bb5 Na5 45. Kd3 Ke7 46.
Kc3 Kd8 47. Kb4 Nb7 48. Bc4 Nc5 49. fxe5 Nd7 50. Bxf7 Nxe5 51. Be6 Nc6+ 52. Kc4
Ke7 53. Bh3 g5 54. Kb5 Nb8 55. b7 Kd8 56. Kb6 h5 57. Bf5 h4 58. gxh4 gxh4 59.
h3 Ke7 60. Kc7 Na6+ 61. Kc8 Kf6 62. Bg4 Ke5 63. Be2 1-0

[Event "May Lviv Tradition (IM-group)"]
[Site "Lviv"]
[Date "2015.05.29"]
[Round "6.5"]
[White "Koziol, Kamil"]
[Black "Kryvoruchko, Vita"]
[Result "1/2-1/2"]
[WhiteElo "2207"]
[BlackElo "2213"]
[PlyCount "136"]
[EventDate "2015.05.26"]

1. e4 c5 2. Nf3 d6 3. d4 cxd4 4. Nxd4 Nf6 5. Nc3 a6 6. Be3 e6 7. f3 b5 8. g4
Nfd7 9. Qd2 Nb6 10. O-O-O Bb7 11. Qf2 N8d7 12. h4 Rc8 13. Nce2 Nc4 14. Ng3 Nxe3
15. Qxe3 Qc7 16. Rh2 d5 17. f4 dxe4 18. Nxe4 Be7 19. Bxb5 axb5 20. Nxb5 Qc6 21.
Ned6+ Bxd6 22. Nxd6+ Ke7 23. Nxc8+ Rxc8 24. f5 Qa4 25. fxe6 fxe6 26. Rf2 Be4
27. b3 Qa3+ 28. Kb1 Nf6 29. Qg5 Bg6 30. Qe5 Qc5 31. Qxc5+ $11 Rxc5 32. Rg1 Nd5
33. Kb2 Nb4 34. a3 Rxc2+ 35. Rxc2 Nxc2 36. a4 Nd4 37. b4 e5 38. h5 Be8 39. b5
Kd6 40. Rf1 Ne6 41. Kb3 Kc5 42. Rc1+ Kb6 43. Kb4 Nf4 44. a5+ Kb7 45. Ra1 e4 46.
a6+ Ka7 47. Ka5 Nd5 48. Rc1 Bxb5 49. Kxb5 e3 50. Kc4 Nf4 51. Re1 e2 52. Kc3
Kxa6 53. Kd2 Kb5 54. h6 gxh6 55. Rh1 h5 56. gxh5 h6 57. Rg1 Kc5 58. Ke1 Kd4 59.
Rg4 Ke3 60. Rxf4 Kxf4 61. Kxe2 Kg4 62. Kf2 Kxh5 63. Kg2 Kg4 64. Kh2 h5 65. Kg1
Kg3 66. Kh1 h4 67. Kg1 h3 68. Kh1 h2 $11 1/2-1/2

[Event "May Lviv Tradition (IM-group)"]
[Site "Lviv"]
[Date "2015.05.29"]
[Round "6.6"]
[White "Shevchenko, Kirill"]
[Black "Grekh, Andrey"]
[Result "1-0"]
[WhiteElo "2306"]
[BlackElo "2341"]
[PlyCount "55"]
[EventDate "2015.05.26"]

1. e4 c5 2. Nf3 e6 3. d4 cxd4 4. Nxd4 Nc6 5. Nc3 Qc7 6. Be3 a6 7. Qd2 Nf6 8.
O-O-O Bb4 9. f3 Ne5 10. Nb3 b5 11. Qe1 Be7 12. f4 Ng6 13. e5 Ng4 14. Ne4 Bb7
15. Nd6+ Bxd6 16. exd6 Qc6 17. Bd3 Nxe3 18. Qxe3 Qxg2 19. Rhf1 O-O 20. Nc5 Bc6
21. h3 e5 22. f5 Nf4 23. f6 Nd5 24. Qxe5 Rfe8 25. Bxh7+ Kf8 26. Qxd5 Qxd5 27.
Rxd5 g6 28. Rg5 1-0

[Event "May Lviv Tradition (IM-group)"]
[Site "Lviv"]
[Date "2015.05.30"]
[Round "7.1"]
[White "Grekh, Andrey"]
[Black "Anwesh, Upadhyaya"]
[Result "1/2-1/2"]
[WhiteElo "2341"]
[BlackElo "2373"]
[PlyCount "46"]
[EventDate "2015.05.26"]

1. e4 e5 2. Nf3 Nc6 3. Bc4 Bc5 4. c3 Nf6 5. b4 Bb6 6. d3 O-O 7. O-O d6 8. Be3
Be6 9. Bb3 h6 10. Nbd2 d5 11. Bxb6 axb6 12. b5 Na5 13. Nxe5 Nxb3 14. axb3 Rxa1
15. Qxa1 dxe4 16. Nxe4 Nxe4 17. dxe4 Bxb3 18. Qb1 Be6 19. Qb4 Qd2 20. Nf3 Qd3
21. Ne5 Qd2 22. Nf3 Qd3 23. Ne5 Qd2 $11 1/2-1/2

[Event "May Lviv Tradition (IM-group)"]
[Site "Lviv"]
[Date "2015.05.30"]
[Round "7.2"]
[White "Kryvoruchko, Vita"]
[Black "Shevchenko, Kirill"]
[Result "1/2-1/2"]
[WhiteElo "2213"]
[BlackElo "2306"]
[PlyCount "136"]
[EventDate "2015.05.26"]

1. e4 c5 2. Nf3 d6 3. d4 cxd4 4. Nxd4 Nf6 5. Nc3 a6 6. f3 e5 7. Nb3 Be6 8. Be3
h5 9. Nd5 Bxd5 10. exd5 Nbd7 11. Qd2 g6 12. c4 a5 13. Rc1 a4 14. Na1 Qa5 15.
Nc2 Qxd2+ 16. Bxd2 Bh6 17. Bxh6 Rxh6 18. Na3 Nc5 19. Nb5 Ke7 20. Be2 Rhh8 21.
O-O Nfd7 22. f4 exf4 23. Rxf4 Ne5 24. Rcf1 f5 25. h3 Ne4 26. Re1 Kd7 27. Bf1
Nc5 28. Re3 Rhe8 29. Rd4 Rf8 30. g3 Rae8 31. b4 axb3 32. axb3 Na6 33. Rd1 g5
34. Nd4 f4 35. gxf4 gxf4 36. Ree1 Rg8+ 37. Kf2 Rg3 38. c5 Nxc5 39. Bb5+ Kd8 40.
Bxe8 Ncd3+ 41. Kf1 Nxe1 42. Bxh5 Ng2 43. Nf5 Ne3+ 44. Nxe3 Rxe3 45. Bg4 Rxb3
46. Be6 f3 47. Ra1 Ke7 48. h4 Kf6 49. Ra8 Ke7 50. h5 Nd3 51. Ra1 Rb2 52. Bf5
Nf4 53. h6 Rh2 54. h7 Kf6 55. Ra8 Kxf5 56. h8=Q Rxh8 57. Rxh8 Ke4 58. Rb8 Nd3
59. Rxb7 Kxd5 60. Rd7 Ke5 61. Re7+ Kd4 62. Rf7 Ne5 63. Rf8 Ke4 64. Re8 d5 65.
Kf2 Kf4 66. Rf8+ Ke4 67. Re8 $11 Kd4 68. Re6 Ke4 $11 1/2-1/2

[Event "May Lviv Tradition (IM-group)"]
[Site "Lviv"]
[Date "2015.05.30"]
[Round "7.3"]
[White "Osmak, Iulija"]
[Black "Koziol, Kamil"]
[Result "1/2-1/2"]
[WhiteElo "2368"]
[BlackElo "2207"]
[PlyCount "60"]
[EventDate "2015.05.26"]

1. e4 c6 2. d4 d5 3. e5 c5 4. Nf3 Bg4 5. c4 cxd4 6. cxd5 Qxd5 7. Nc3 Qa5 8.
Bb5+ Nc6 9. Bxc6+ bxc6 10. Qxd4 Bxf3 11. gxf3 e6 12. Bd2 Bc5 13. Qg4 O-O-O 14.
O-O-O g6 15. Kb1 Qc7 16. Ne4 Rd5 17. Rc1 Bd4 18. f4 Nh6 19. Qe2 Qb6 20. Bc3 Nf5
21. Qc4 Kb7 22. Rhd1 Rhd8 23. Bxd4 Rxd4 24. Rxd4 Rxd4 25. Qc2 h5 26. a3 Rd5 27.
Nc5+ Kc7 28. Qc3 Nd4 29. Qc4 a5 30. Ka2 Qb5 $11 1/2-1/2

[Event "May Lviv Tradition (IM-group)"]
[Site "Lviv"]
[Date "2015.05.30"]
[Round "7.4"]
[White "Ivanenko, Olga I"]
[Black "Punin, Andrii"]
[Result "1-0"]
[WhiteElo "2182"]
[BlackElo "2246"]
[PlyCount "137"]
[EventDate "2015.05.26"]

1. b3 e5 2. Bb2 Nc6 3. e3 d5 4. Bb5 Bd6 5. f4 Qh4+ 6. g3 Qe7 7. Nf3 f6 8. Nc3
Be6 9. O-O Nh6 10. fxe5 fxe5 11. e4 dxe4 12. Nxe4 O-O 13. Nfg5 Bg4 14. Be2
Rxf1+ 15. Qxf1 Rf8 16. Qg2 Bxe2 17. Qxe2 Nf7 18. Qc4 Na5 19. Qd5 c6 20. Qe6
Qxe6 21. Nxe6 Re8 22. N6c5 Bxc5+ 23. Nxc5 b6 24. Bc3 bxc5 25. Bxa5 Nd6 26. Re1
Kf7 27. Bc7 Ke6 28. Bxd6 Kxd6 29. Re4 Rf8 30. Ra4 Rf7 31. Ra5 h5 $11 32. h4 g6
33. Ra4 Kd5 34. Kg2 e4 35. Ra5 Kd4 36. a3 Rd7 37. Kf2 Rf7+ 38. Ke2 Rf3 39. Rxa7
Rxg3 40. c3+ Kd5 41. Rg7 Ke5 42. a4 Rg1 43. a5 Rb1 44. Rxg6 Rxb3 45. Rxc6 Rb5
46. a6 Ra5 47. Rh6 Kf4 48. Rxh5 Rxa6 49. Rxc5 Rg6 50. h5 Rg2+ 51. Kd1 Rh2 52.
c4 e3 53. dxe3+ Kxe3 54. Rd5 Ke4 55. Ke1 Rc2 56. Rc5 Rh2 57. Kf1 Kd4 58. Kg1
Rh4 59. Ra5 Kd3 60. Kg2 Rxc4 61. Kg3 Ke4 62. Kg4 Rc1 63. h6 Rh1 64. Kg5 Rg1+
65. Kf6 Rh1 66. Kg6 Kf4 67. h7 Rg1+ 68. Kh6 Rh1+ 69. Rh5 1-0

[Event "May Lviv Tradition (IM-group)"]
[Site "Lviv"]
[Date "2015.05.30"]
[Round "7.5"]
[White "Shkuran, Daniil"]
[Black "Bunyatov, Rustam"]
[Result "1-0"]
[WhiteElo "2386"]
[BlackElo "2104"]
[PlyCount "81"]
[EventDate "2015.05.26"]

1. e4 e5 2. Nf3 Nc6 3. Bb5 a6 4. Ba4 Nf6 5. Qe2 Bd6 6. c3 O-O 7. O-O Re8 8. d3
h6 9. Nbd2 Bc5 10. Bxc6 dxc6 11. Nc4 Bg4 12. h3 Bxf3 13. Qxf3 b5 14. Na5 Re6
15. Nb7 Qf8 16. Nxc5 Qxc5 17. Be3 Qe7 18. b4 a5 19. a3 Nd7 20. Qe2 Nb6 21. Qc2
axb4 22. axb4 Na4 23. Rfb1 Qd7 24. c4 Rd8 25. Rd1 Rg6 26. Kh2 Rd6 27. Ra3 f6
28. c5 Re6 29. d4 exd4 30. Rxd4 Qxd4 31. Bxd4 Rxd4 32. Rd3 Rexe4 33. Rxd4 Rxd4
34. Qf5 Rxb4 35. Qe6+ Kh7 36. Qxc6 Rb2 37. Qxc7 Rxf2 38. c6 b4 39. Qb7 Nc5 40.
Qxb4 Na6 41. Qa5 1-0

[Event "May Lviv Tradition (IM-group)"]
[Site "Lviv"]
[Date "2015.05.30"]
[Round "7.6"]
[White "Sevostianov, Pavel"]
[Black "Nayhebaver, Martin"]
[Result "1/2-1/2"]
[WhiteElo "2263"]
[BlackElo "2317"]
[PlyCount "62"]
[EventDate "2015.05.26"]

1. c4 Nf6 2. Nf3 e6 3. g3 b6 4. Bg2 Bb7 5. O-O Be7 6. Nc3 O-O 7. b3 d5 8. cxd5
exd5 9. d4 Na6 10. Bb2 c5 11. Ne5 Nc7 12. dxc5 bxc5 13. Rc1 Ne6 14. Qd3 Bd6 15.
f4 c4 16. bxc4 Qb6+ 17. c5 Nxc5 18. Qb5 Nce4+ 19. Qxb6 axb6 20. Nxe4 dxe4 21.
Bd4 Rxa2 22. Rb1 Bb8 23. Bxb6 Ba6 24. Bc5 Re8 25. Nc6 Nd7 26. Nxb8 Nxb8 27.
Bxe4 Rxe2 28. Bf3 R2e6 29. Rfc1 Nd7 30. Bd4 Nf6 31. Be5 Bd3 1/2-1/2

[Event "May Lviv Tradition (IM-group)"]
[Site "Lviv"]
[Date "2015.05.30"]
[Round "8.1"]
[White "Anwesh, Upadhyaya"]
[Black "Nayhebaver, Martin"]
[Result "1-0"]
[WhiteElo "2373"]
[BlackElo "2317"]
[PlyCount "177"]
[EventDate "2015.05.26"]

1. c4 Nf6 2. g3 e6 3. Bg2 Be7 4. Nf3 O-O 5. O-O d5 6. b3 c5 7. Bb2 Nc6 8. e3 b6
9. Nc3 Bb7 10. cxd5 Nxd5 11. Nxd5 Qxd5 12. d4 Qd8 13. dxc5 Bxc5 14. Ne5 Nxe5
15. Bxb7 Rb8 16. Be4 Ng6 17. Qxd8 Rfxd8 18. Rfd1 f6 19. Kf1 Kf7 20. Ke2 h6 21.
a3 Ne7 22. b4 Bd6 23. Rd2 Bc7 24. Rad1 Rxd2+ 25. Rxd2 Rd8 26. Rxd8 Bxd8 27. Bb7
Nf5 28. e4 Nd6 29. Bc6 Nc4 30. Bc1 Ke7 31. f4 e5 32. f5 Nd6 33. a4 Bc7 34. Kd3
Bd8 35. Be3 Bc7 36. Bd5 Kf8 37. Ke2 Bd8 38. Kf3 Bc7 39. Kg4 Nc8 40. h4 Bd6 41.
Bd2 Ne7 42. Bb7 Kf7 43. a5 Bc7 44. Kf3 Ke8 45. Ke2 Kd7 46. Kd3 bxa5 47. bxa5
Nc6 48. a6 Bb6 49. Be1 h5 50. Kc4 Be3 $11 51. Kd3 Bb6 52. Ke2 Nd4+ 53. Kf1 Nc6
54. Kg2 Bd4 55. g4 hxg4 56. Kg3 Ne7 57. Bb4 Be3 58. Kxg4 Bd4 59. h5 Be3 60. Kf3
Bd4 61. Ke2 Bb6 62. Kd3 Bf2 63. Kc4 Be3 64. Bd5 Bb6 65. Be6+ Kd8 66. Kb5 Be3
67. Ba5+ Ke8 68. Bc7 Bf2 69. Bd6 Kd8 70. Kc4 Be3 71. Bb4 Bd4 72. Ba5+ Ke8 73.
Bd2 Bf2 74. h6 gxh6 75. Bxh6 Nc6 76. Bd5 Ne7 77. Bd2 Kd7 78. Bb4 Bb6 79. Be6+
Kd8 80. Bd5 Be3 81. Be1 Nc8 82. Bh4 Ke7 83. Kb5 Nd6+ 84. Kc6 Bb6 85. Be1 Ne8
86. Bb4+ Kd8 87. Kb7 Nc7 88. Bc6 Be3 89. Ba5 1-0

[Event "May Lviv Tradition (IM-group)"]
[Site "Lviv"]
[Date "2015.05.30"]
[Round "8.2"]
[White "Bunyatov, Rustam"]
[Black "Sevostianov, Pavel"]
[Result "1/2-1/2"]
[WhiteElo "2104"]
[BlackElo "2263"]
[PlyCount "75"]
[EventDate "2015.05.26"]

1. e4 d5 2. exd5 Nf6 3. Bb5+ Bd7 4. Be2 Nxd5 5. d4 Bf5 6. Nf3 e6 7. O-O Be7 8.
a3 O-O 9. c4 Nb6 10. Nc3 Bf6 11. Be3 Nc6 12. h3 Na5 13. c5 Nd5 14. Nxd5 exd5
15. Bf4 Re8 16. Bb5 Bd7 17. Bd3 Nc6 18. Bc2 Ne7 19. Re1 Ng6 20. Rxe8+ Bxe8 21.
Bg3 b6 $11 22. b4 a5 23. Rc1 axb4 24. axb4 c6 25. Ra1 Rxa1 26. Qxa1 b5 27. Qa7
Qd7 28. Qb8 Qd8 29. Qb7 Qe7 30. Qc8 Qd8 31. Qxd8 Bxd8 32. Ne5 Nxe5 33. Bxe5 f6
34. Bg3 Bg6 35. Bxg6 hxg6 36. Kf1 Kf7 37. Ke2 Ke6 38. Ke3 $11 1/2-1/2

[Event "May Lviv Tradition (IM-group)"]
[Site "Lviv"]
[Date "2015.05.30"]
[Round "8.3"]
[White "Punin, Andrii"]
[Black "Shkuran, Daniil"]
[Result "0-1"]
[WhiteElo "2246"]
[BlackElo "2386"]
[PlyCount "98"]
[EventDate "2015.05.26"]

1. d4 Nf6 2. Nc3 d5 3. Bf4 e6 4. e3 c5 5. Nf3 a6 6. a3 Nc6 7. h3 Bd6 8. dxc5
Bxc5 9. Bd3 Qe7 10. e4 d4 11. Ne2 e5 12. Bg5 h6 13. Bd2 Be6 14. Ng3 Ba7 15. Qe2
Nd7 16. Nh5 Kf8 17. b4 Nb6 18. O-O g6 19. Ng3 Kg7 20. Nh2 Bb8 21. Rae1 Qd7 22.
Qf3 Nc4 23. Bc1 Nd6 24. Ng4 Bxg4 25. hxg4 Qe7 26. Bb2 Nd8 27. c3 dxc3 28. Bxc3
f6 29. Bb1 Ne6 30. Ba2 Nb5 31. Bb2 Nbd4 32. Bxd4 Nxd4 33. Qd3 Ba7 34. Ne2 Rad8
35. Bd5 h5 36. Nxd4 Bxd4 37. Qf3 Qd7 38. g5 fxg5 39. Qg3 g4 40. Qh4 Rdf8 41.
Re2 Kh6 42. Rc1 g5 43. Qh2 h4 44. Kh1 Kg6 45. Rec2 g3 46. Qh3 g4 47. Rc7 gxh3
48. Rxd7 Rxf2 49. Rd6+ Kg5 0-1

[Event "May Lviv Tradition (IM-group)"]
[Site "Lviv"]
[Date "2015.05.30"]
[Round "8.4"]
[White "Koziol, Kamil"]
[Black "Ivanenko, Olga I"]
[Result "1/2-1/2"]
[WhiteElo "2207"]
[BlackElo "2182"]
[PlyCount "86"]
[EventDate "2015.05.26"]

1. e4 c5 2. Nf3 a6 3. Nc3 e6 4. d4 cxd4 5. Nxd4 Qc7 6. Bd3 Nf6 7. O-O d6 8. Kh1
Nbd7 9. f4 b6 10. Bd2 Bb7 11. Qe2 Be7 12. Rae1 Nc5 13. b4 Nxd3 14. cxd3 O-O 15.
Rc1 Qd7 16. Rc2 Rac8 17. a4 Rfe8 18. b5 a5 19. Be3 Qd8 20. Bg1 e5 21. Nf5 Bf8
22. Qf2 Nd7 23. Ne3 f6 24. f5 Nc5 25. Qg3 Kh8 26. Nc4 Ba8 27. Rfc1 Qc7 28. Bxc5
dxc5 29. Ne3 Rcd8 30. Ncd5 Bxd5 31. Nxd5 Qb7 $11 32. Qf3 Rd7 33. Rc4 Red8 34.
h3 Rxd5 35. exd5 Qxd5 36. Qxd5 Rxd5 37. Rd1 Kg8 38. g4 h6 39. Kg2 Kf7 40. Kf3
Rd8 41. Ke4 Ke7 42. h4 Kd6 43. Rg1 Be7 1/2-1/2

[Event "May Lviv Tradition (IM-group)"]
[Site "Lviv"]
[Date "2015.05.30"]
[Round "8.5"]
[White "Shevchenko, Kirill"]
[Black "Osmak, Iulija"]
[Result "0-1"]
[WhiteElo "2306"]
[BlackElo "2368"]
[PlyCount "110"]
[EventDate "2015.05.26"]

1. e4 Nc6 2. Nf3 d6 3. d4 Bg4 4. Bb5 a6 5. Bxc6+ bxc6 6. Nc3 e6 7. h3 Bh5 8.
Qe2 Nf6 9. Bg5 Be7 10. g4 Bg6 11. Bxf6 Bxf6 12. h4 h6 13. O-O-O c5 14. Qc4 cxd4
15. Qc6+ Ke7 16. Nxd4 Qd7 17. Qc4 c5 18. Nde2 Rhb8 19. a3 Qb7 20. b3 Qb6 21. f4
Qa5 22. Kb2 Qb5 23. Qxb5 axb5 24. e5 dxe5 25. g5 b4 26. axb4 cxb4 27. gxf6+
gxf6 28. Na4 Bh5 29. Rd2 Rd8 30. Rxd8 Rxd8 31. Ng3 Bf3 32. Rf1 e4 33. Re1 f5
34. Nf1 Kf6 35. Kc1 e5 36. Nd2 Bg4 37. fxe5+ Kxe5 38. Nc5 Kf4 39. Ndxe4 fxe4
40. Rxe4+ Kg3 41. Rxb4 f5 42. h5 Bxh5 43. Rb6 Rh8 44. Rf6 Bg4 45. b4 h5 46. Rd6
h4 47. Rd2 h3 48. Nd3 h2 49. Nf2 h1=Q+ 50. Nxh1+ Rxh1+ 51. Kb2 Rd1 52. Rxd1
Bxd1 53. c4 f4 54. b5 Bf3 55. Kb3 Be4 0-1

[Event "May Lviv Tradition (IM-group)"]
[Site "Lviv"]
[Date "2015.05.30"]
[Round "8.6"]
[White "Grekh, Andrey"]
[Black "Kryvoruchko, Vita"]
[Result "1/2-1/2"]
[WhiteElo "2341"]
[BlackElo "2213"]
[PlyCount "133"]
[EventDate "2015.05.26"]

1. e4 e5 2. Nf3 Nc6 3. d4 exd4 4. Bc4 Be7 5. O-O d6 6. Nxd4 Nxd4 7. Qxd4 Nf6 8.
Nc3 O-O 9. Bg5 a6 10. a4 Be6 11. Rad1 Ng4 12. Bxe7 Qxe7 13. Be2 Qh4 14. h3 Ne5
15. Nd5 Bxd5 16. Qxd5 Rab8 17. f4 Ng6 18. Qf5 Rbe8 19. Kh2 Re6 20. g3 Qh6 21.
Bc4 Ne7 22. Qa5 Rxe4 23. Qxc7 Nf5 24. Bd3 Re7 25. Qa5 Ne3 26. Rfe1 Rfe8 27. Rc1
d5 28. Be2 Qd6 29. Bf3 g5 30. Qd2 gxf4 31. g4 Qf6 32. Qb4 Qh4 33. Qxf4 Nxg4+
34. Qxg4+ Qxg4 35. Rg1 Qg7 36. Rxg7+ Kxg7 37. Rg1+ Kf8 38. Rd1 Rd8 39. c3 b6
40. Rd4 a5 41. c4 Rc8 42. cxd5 Rc2+ 43. Kg3 Rxb2 44. d6 Rd7 45. Bc6 Rd8 46. d7
Rb3+ 47. Kg2 Ke7 48. Rh4 Rxd7 49. Bxd7 Kxd7 50. Rxh7 Ke7 51. Rh8 Rb4 52. Rb8
Rxa4 53. Rxb6 Ra3 54. h4 a4 55. Ra6 Kf8 56. h5 Kg7 57. h6+ Kh7 58. Rf6 Ra2+ 59.
Kf3 a3 60. Rxf7+ Kxh6 61. Ra7 Kg5 62. Ke3 Rh2 63. Kd3 a2 64. Kc3 Kf4 65. Kb3
Ke4 66. Rxa2 Rxa2 67. Kxa2 1/2-1/2